000 00595nam a2200193Ia 4500
003 GCL
008 140319s9999 xx 000 0 ara d
040 _aGCL /
_cGCL
082 0 4 _a792.0962
_bم ف
100 1 _aمحمود الحدينى
245 1 0 _aفؤاد دوارة: عاشق المسرح /
_cمحمود الحدينى
700 1 _aعمرو دوارة
300 _a390 ص
490 _aسلسلة رواد المسرح المصرى
_v0
650 0 4 _aالتراجم الادبية
650 0 4 _aالمسرح - تاريخ ونقد
650 0 4 _aالمسرحيون
942 _2ddc
_cBK
999 _c51647
_d51647